| 000 | 01055nam0a22002891 4500 | ||
|---|---|---|---|
| 001 | rc\736804 | ||
| 005 | 20260406073801.0 | ||
| 035 | _a(NLR Aleph) 006266726 | ||
| 090 |
_a6906147 _c6906147 |
||
| 100 | _a20040301d1985 |||y0rusy50 ca | ||
| 101 | 0 | _arus | |
| 102 | _aRU | ||
| 105 | _aa ||||||||| | ||
| 200 | 1 |
_aВторая сущность _eПовести _fСтанислав Родионов _g[Худож. Б.Г. Смирнов] |
|
| 210 |
_aЛ. _cЛениздат _d1985 |
||
| 215 |
_a368 с. _cил. _d21 |
||
| 327 | 1 | _aСодерж.: Вторая сущность; Сосняки | |
| 464 | 0 |
_12001#$aВторая сущность _tВторая сущность |
|
| 464 | 0 |
_12001#$aСосняки _tСосняки |
|
| 700 | 1 |
_8rus _7ca _aРодионов _bС. В. _cписатель _f1931-2010 _gСтанислав Васильевич _3RU\NLR\AUTH\7732348 _915356 |
|
| 702 | 1 |
_aСмирнов _bБ. Г. _4440 |
|
| 801 | 0 |
_aRU _bNLR _gpsbo |
|
| 801 | 1 |
_aRU _bELAR _2rusmarc |
|
| 852 |
_aNLR _j86-3/2396 |
||
| 942 | _cBOOK | ||
| 980 | _aNB | ||